| 000 | 01701cam a22004097a 4500 | ||
|---|---|---|---|
| 003 | CHAP | ||
| 005 | 20220817043507.0 | ||
| 008 | 981105 1995 mx a r l00010 spa d | ||
| 010 | _a76615 | ||
| 011 | _a77587 | ||
| 035 | _a87196 | ||
| 040 | _cCHAP | ||
| 090 | _aFolleto 15192 | ||
| 110 | 1 |
_aZacatecas. Secretaría de Fomento Agropecuario. _bDirección de Fruticultura |
|
| 245 | 1 | 0 |
_aNo permita que el frailecillo (Macrodactylus spp) destruya sus huertos de frutales _c/por Secretaría de Fomento Agropecuario. Dirección de Fruticultura |
| 260 |
_aCalera de Víctor Rosales, Zac. _bSecretaría de Fomento Agropecuario. Dirección de Fruticultura _c1995. |
||
| 300 |
_aHoja desplegable : _bilus. |
||
| 410 | 0 | 1 | _aZacatecas. Secretaría de Fomento Agropecuario. Dirección de Fruticultura |
| 490 | 0 | _aSerie : folletos para fruticultores | |
| 500 | _ac.4-5 en bodega | ||
| 590 |
_aBATCH-UPD _b10 _c20130110 _lUCH01 _h0731 |
||
| 590 |
_aBATCH-UPD _b10 _c20130110 _lUCH01 _h2353 |
||
| 590 |
_aBATCH-UPD _b10 _c20130410 _lUCH01 _h0414 |
||
| 590 |
_aBATCH-UPD _b10 _c20130914 _lUCH01 _h1737 |
||
| 590 |
_aCONVERSION _b10 _c20130109 _lUCH01 _h1342 |
||
| 650 | 1 | 4 |
_aArboles frutales _xPlagas. _96683 |
| 650 | 1 | 4 |
_aMacrodactylus subspinosus. _969548 |
| 650 | 1 | 4 |
_aManzana _xPlagas. _970792 |
| 810 | 0 | 0 | _aZacatecas. Secretaría de Fomento Agropecuario. Dirección de Fruticultura |
| 830 | 0 | 0 |
_aSerie : folletos para fruticultores _9104568 |
| 901 | _aBK | ||
| 905 | _aAraceli Hernández G. | ||
| 942 | _cFOLL | ||
| 949 |
_aFolleto 15192 _bBC _cFOLL _d871961 _eTS1 _i87196 _sb |
||
| 949 |
_aFolleto 15192 _bBC _cFOLL _d871962 _eTS2 _fc.2 _i87196 _sb |
||
| 949 |
_aFolleto 15192 _bBC _cFOLL _d871963 _eTS2 _fc.3 _i87196 _sb |
||
| 999 |
_c76615 _d76615 |
||